[Event "España ch-2015 sub-16"]
[Site "Salobreña ESP"]
[Date "2015.07.22"]
[Round "5.24"]
[White "Perez Beltran, Jose Maria"]
[Black "Cruz Ramirez, Nauzet"]
[Result "1-0"]
[WhiteElo "2011"]
[BlackElo "1877"]
[PlyCount "99"]
[EventDate "2015.07.20"]
[EventType "swiss"]
[EventRounds "9"]
[EventCountry "ESP"]
[Source "lmi"]
[SourceDate "2015.07.20"]

1. e4 c5 2. d4 cxd4 3. c3 Nf6 4. e5 Nd5 5. Nf3 e6 6. cxd4 b6 7. Bd3 Ba6 8. O-O
Bxd3 9. Qxd3 Nc6 10. Nc3 Nxc3 11. bxc3 d5 12. exd6 Bxd6 13. Qe4 Ne7 14. Bb2 Rc8
15. Rfc1 O-O 16. c4 Re8 17. a4 Nc6 18. Bc3 Bf8 19. Rd1 Qc7 20. Rac1 Qb7 21. Qb1
Nd8 22. Bd2 a5 23. Be3 Qa7 24. Qb5 Nb7 25. Qb3 Red8 26. Ne5 Bd6 27. Nd3 Rf8 28.
Rb1 Bc7 29. c5 Qb8 30. g3 Nd8 31. cxb6 Bd6 32. Nc5 Bxc5 33. dxc5 Nb7 34. Rbc1
Rc6 35. Rc2 Qc8 36. Qb5 e5 37. Rdc1 Qe6 38. Qa6 Rb8 39. Bd2 Qc8 40. Qb5 Ra8 41.
Be3 h5 42. Qc4 Qf8 43. Qd5 Qe8 44. f4 Rd8 45. Qe4 f6 46. fxe5 fxe5 47. Rf2 Qe6
48. Rf5 Rd5 49. Rxh5 g6 50. Rg5 1-0

[Event "España ch-2015 sub-16"]
[Site "Salobreña ESP"]
[Date "2015.07.22"]
[Round "5.25"]
[White "Roma Barge, Gabriel"]
[Black "Rodriguez Mellado, Antonio"]
[Result "1/2-1/2"]
[WhiteElo "1875"]
[BlackElo "2007"]
[PlyCount "84"]
[EventDate "2015.07.20"]
[EventType "swiss"]
[EventRounds "9"]
[EventCountry "ESP"]
[Source "lmi"]
[SourceDate "2015.07.20"]

1. e4 d5 2. exd5 Qxd5 3. Nf3 Nf6 4. d4 g6 5. Be2 Bg7 6. O-O O-O 7. c4 Qd6 8.
Nc3 c6 9. Bg5 Bf5 10. Qd2 Na6 11. Bf4 Qd8 12. h3 Nc7 13. Ne5 Nd7 14. Rad1 Nxe5
15. Bxe5 Ne8 16. Bxg7 Kxg7 17. d5 c5 18. Rfe1 Nf6 19. Bd3 Bxd3 20. Qxd3 Re8 21.
Re2 Qd7 22. Ne4 Nxe4 23. Rxe4 Qd6 24. Rde1 Rad8 25. Qc3+ Kg8 26. f4 Rd7 27.
R1e3 b5 28. b3 Rb7 29. f5 bxc4 30. fxg6 fxg6 31. Qxc4 Rb4 32. Re6 Rxc4 33. Rxd6
Rc1+ 34. Kh2 exd6 35. Rxe8+ Kf7 36. Re6 Ra1 37. a4 c4 38. bxc4 Rxa4 39. Rxd6
Rxc4 40. Rd7+ Kf6 41. Rxa7 h5 42. Rd7 Rd4 1/2-1/2

[Event "España ch-2015 sub-16"]
[Site "Salobreña ESP"]
[Date "2015.07.22"]
[Round "5.26"]
[White "Gazquez Corral, Alba"]
[Black "Galiana Fernandez, Adrian"]
[Result "0-1"]
[WhiteElo "1737"]
[BlackElo "2004"]
[PlyCount "74"]
[EventDate "2015.07.20"]
[EventType "swiss"]
[EventRounds "9"]
[EventCountry "ESP"]
[Source "lmi"]
[SourceDate "2015.07.20"]

1. e4 c5 2. Nf3 e6 3. d4 cxd4 4. Nxd4 Nf6 5. Nc3 d6 6. g4 h6 7. h3 Nc6 8. Be3
d5 9. Bg2 Bb4 10. Nxc6 bxc6 11. Bd2 Ba6 12. exd5 cxd5 13. Ne2 Bc5 14. b4 Bb6
15. a4 Ne4 16. Bxe4 dxe4 17. a5 Bc7 18. Nc3 Bb7 19. a6 Bd5 20. Nxd5 exd5 21.
Be3 O-O 22. Bc5 f5 23. g5 Rf7 24. h4 hxg5 25. hxg5 Qxg5 26. Ra3 Rd7 27. Rah3
Kf7 28. c4 d4 29. Rh5 Qg6 30. Qb3 Re8 31. Bxa7 e3 32. c5+ Kf6 33. Kf1 e2+ 34.
Ke1 d3 35. Qc3+ Be5 36. Qd2 Bf4 37. Qc3+ Re5 0-1

[Event "España ch-2015 sub-16"]
[Site "Salobreña ESP"]
[Date "2015.07.22"]
[Round "5.27"]
[White "Martinez Lopez, Carlos"]
[Black "Tevar Becerra, Alvaro"]
[Result "1/2-1/2"]
[WhiteElo "1996"]
[BlackElo "1857"]
[PlyCount "64"]
[EventDate "2015.07.20"]
[EventType "swiss"]
[EventRounds "9"]
[EventCountry "ESP"]
[Source "lmi"]
[SourceDate "2015.07.20"]

1. e4 e5 2. Nf3 Nc6 3. Bb5 a6 4. Ba4 Nf6 5. O-O Be7 6. Re1 b5 7. Bb3 O-O 8. h3
d6 9. c3 Bb7 10. d4 Re8 11. Bc2 Bf8 12. d5 Nb8 13. Nbd2 g6 14. Nf1 c5 15. b3
Nbd7 16. a4 b4 17. c4 a5 18. Ng3 Bg7 19. Be3 h6 20. Qd2 Kh7 21. Nh2 Nf8 22. Rf1
g5 23. Nf5 Ng6 24. g3 Bc8 25. Nxg7 Kxg7 26. h4 Nh7 27. h5 Ne7 28. f4 f6 29.
fxe5 fxe5 30. Bd1 Ng8 31. g4 Ngf6 32. Bxc5 Ng8 1/2-1/2

[Event "España ch-2015 sub-16"]
[Site "Salobreña ESP"]
[Date "2015.07.22"]
[Round "5.28"]
[White "Andrade Sandoval, Jim Carlos"]
[Black "Motos Abellan, Daniel"]
[Result "1/2-1/2"]
[WhiteElo "1697"]
[BlackElo "1994"]
[PlyCount "69"]
[EventDate "2015.07.20"]
[EventType "swiss"]
[EventRounds "9"]
[EventCountry "ESP"]
[Source "lmi"]
[SourceDate "2015.07.20"]

1. d4 d5 2. e3 Nf6 3. c4 c6 4. Nc3 a6 5. b3 b5 6. Nf3 Bg4 7. Be2 e6 8. Ne5 Bxe2
9. Qxe2 Bd6 10. O-O O-O 11. Bb2 Ne4 12. Rac1 f6 13. Nf3 Nd7 14. c5 Bc7 15. Nd2
f5 16. f3 Bxh2+ 17. Kxh2 Qh4+ 18. Kg1 Ng3 19. Qe1 Rf6 20. Ne2 Qh1+ 21. Kf2 Nxf1
22. Qxf1 Qh4+ 23. g3 Qg5 24. Qg2 Rh6 25. Nf4 Re8 26. Nd3 Rf8 27. Nb4 Nb8 28. f4
Qe7 29. Nf3 a5 30. Nd3 Nd7 31. Nde5 Rc8 32. Rh1 Rxh1 33. Qxh1 Nf6 34. Nd2 Qc7
35. Qh4 1/2-1/2

[Event "España ch-2015 sub-16"]
[Site "Salobreña ESP"]
[Date "2015.07.22"]
[Round "5.29"]
[White "Pulido Esteban, Francisco Daniel"]
[Black "Guerra Arrocha, Daniel"]
[Result "0-1"]
[WhiteElo "1692"]
[BlackElo "1989"]
[PlyCount "64"]
[EventDate "2015.07.20"]
[EventType "swiss"]
[EventRounds "9"]
[EventCountry "ESP"]
[Source "lmi"]
[SourceDate "2015.07.20"]

1. d4 Nf6 2. c4 g6 3. Nc3 Bg7 4. e4 d6 5. f3 O-O 6. Be3 c6 7. Qd2 a6 8. Bh6 b5
9. h4 e5 10. d5 cxd5 11. cxd5 Nh5 12. Bxg7 Nxg7 13. O-O-O f6 14. g4 Nd7 15. Nh3
Nc5 16. Rg1 Bd7 17. Re1 Qa5 18. Kb1 Rac8 19. h5 Na4 20. hxg6 Nxc3+ 21. bxc3
Rxc3 22. gxh7+ Kh8 23. Qb2 Rfc8 24. Re2 R3c4 25. a3 b4 26. g5 bxa3 27. Qb3 Rb4
28. gxf6 Rxb3+ 29. Ka2 Rb2+ 30. Rxb2 axb2+ 31. Kxb2 Qb4+ 32. Ka2 Rc2+ 0-1

[Event "España ch-2015 sub-16"]
[Site "Salobreña ESP"]
[Date "2015.07.22"]
[Round "5.30"]
[White "Dominguez Fernandez, Angel I"]
[Black "Garralda Ruiz, Ander"]
[Result "1-0"]
[WhiteElo "1988"]
[BlackElo "1529"]
[PlyCount "61"]
[EventDate "2015.07.20"]
[EventType "swiss"]
[EventRounds "9"]
[EventCountry "ESP"]
[Source "lmi"]
[SourceDate "2015.07.20"]

1. e4 e6 2. d4 d5 3. Nc3 Nf6 4. e5 Nfd7 5. f4 c5 6. Nf3 Nc6 7. Be3 Qb6 8. Na4
Qa5+ 9. c3 cxd4 10. b4 Qc7 11. Nxd4 a6 12. Bd3 b5 13. Nb2 Nb6 14. O-O Bb7 15.
f5 Nxd4 16. Bxd4 Nc4 17. Nxc4 dxc4 18. Bc2 Qc6 19. Qe2 O-O-O 20. fxe6 fxe6 21.
Rf4 g5 22. Be4 Qc7 23. Bxb7+ Qxb7 24. Rf6 Qd5 25. a4 Bxb4 26. axb5 axb5 27. Qa2
Be7 28. Rf7 Rde8 29. Qa6+ Kc7 30. Qb6+ Kc8 31. Ra7 1-0

[Event "España ch-2015 sub-16"]
[Site "Salobreña ESP"]
[Date "2015.07.22"]
[Round "5.31"]
[White "Salagran Ferragut, Guillem"]
[Black "Rottenwohrer Suarez, Juan"]
[Result "1-0"]
[WhiteElo "1983"]
[BlackElo "1850"]
[PlyCount "59"]
[EventDate "2015.07.20"]
[EventType "swiss"]
[EventRounds "9"]
[EventCountry "ESP"]
[Source "lmi"]
[SourceDate "2015.07.20"]

1. e4 c5 2. Nf3 g6 3. d4 cxd4 4. Nxd4 Nc6 5. c4 Nf6 6. Nc3 d6 7. Nc2 Bg7 8. Be2
O-O 9. O-O Nd7 10. Bd2 a5 11. Kh1 Nc5 12. f3 f5 13. exf5 Bxf5 14. Ne3 Bd7 15.
Ned5 Nb4 16. Bg5 Nc6 17. Qd2 Ne6 18. Bh4 Rf5 19. Rae1 Rh5 20. Bg3 Ncd4 21. f4
Rf5 22. Bg4 Rf7 23. Bh4 Qf8 24. Nb6 g5 25. Bf2 Qd8 26. Nxd7 Rxf4 27. Bxe6+ Nxe6
28. Nb6 Nd4 29. Nxa8 e5 30. Nd5 1-0

[Event "España ch-2015 sub-16"]
[Site "Salobreña ESP"]
[Date "2015.07.22"]
[Round "5.32"]
[White "Lerendegui Lasa, Odei"]
[Black "Porlan Minarro, Antonio"]
[Result "1/2-1/2"]
[WhiteElo "1797"]
[BlackElo "2040"]
[PlyCount "61"]
[EventDate "2015.07.20"]
[EventType "swiss"]
[EventRounds "9"]
[EventCountry "ESP"]
[Source "lmi"]
[SourceDate "2015.07.20"]

1. e4 c5 2. c3 Nf6 3. e5 Nd5 4. d4 cxd4 5. Nf3 e6 6. cxd4 d6 7. Bc4 Nb6 8. Bb3
dxe5 9. dxe5 Qxd1+ 10. Bxd1 Be7 11. O-O O-O 12. Nc3 Bd7 13. Bc2 Bc6 14. Be4 a6
15. Rd1 h6 16. b3 Bb4 17. Bxc6 Bxc3 18. Bxb7 Ra7 19. Be4 Bxa1 20. Ba3 Bc3 21.
Bxf8 Kxf8 22. Rd8+ Ke7 23. Rxb8 Nd7 24. Rb7 Rxb7 25. Bxb7 a5 26. Kf1 g5 27. h3
Nxe5 28. Nxe5 Bxe5 29. Ke2 Bc3 30. Kd3 Be1 31. Ke4 1/2-1/2

[Event "España ch-2015 sub-16"]
[Site "Salobreña ESP"]
[Date "2015.07.22"]
[Round "5.33"]
[White "Zuniga Arraras, Marina"]
[Black "Chao Vale, Fernando"]
[Result "1/2-1/2"]
[WhiteElo "1781"]
[BlackElo "1937"]
[PlyCount "70"]
[EventDate "2015.07.20"]
[EventType "swiss"]
[EventRounds "9"]
[EventCountry "ESP"]
[Source "lmi"]
[SourceDate "2015.07.20"]

1. d4 Nf6 2. Nf3 g6 3. e3 Bg7 4. c4 d6 5. Be2 O-O 6. Nc3 Nbd7 7. Qc2 e5 8. b3
c6 9. Bb2 Qc7 10. h3 Re8 11. Rc1 Nf8 12. dxe5 dxe5 13. O-O Bf5 14. e4 Bd7 15.
Rfd1 Nh5 16. c5 Nf4 17. Bf1 Rad8 18. Ne2 N8e6 19. Nxf4 Nxf4 20. Nd2 Be6 21. Kh2
Bh6 22. Bc4 Nh5 23. Bxe6 Rxe6 24. Rb1 Qe7 25. Nf3 Rf8 26. Bc1 Bxc1 27. Rbxc1 f5
28. Rd2 Nf4 29. Rcd1 fxe4 30. Rd7 exf3 31. Rxe7 Rxe7 32. g3 Nd5 33. Re1 Kg7 34.
Qd3 Rfe8 35. Qxf3 Rf8 1/2-1/2

[Event "España ch-2015 sub-16"]
[Site "Salobreña ESP"]
[Date "2015.07.22"]
[Round "5.34"]
[White "Llaneza Mendez, Javier"]
[Black "Morona Minguez, Miguel"]
[Result "1/2-1/2"]
[WhiteElo "1747"]
[BlackElo "1924"]
[PlyCount "98"]
[EventDate "2015.07.20"]
[EventType "swiss"]
[EventRounds "9"]
[EventCountry "ESP"]
[Source "lmi"]
[SourceDate "2015.07.20"]

1. e4 e5 2. Nf3 Nc6 3. Bb5 a6 4. Ba4 Nf6 5. O-O Be7 6. Re1 b5 7. Bb3 d6 8. h3
O-O 9. c3 Nb8 10. d4 Nbd7 11. Nbd2 Bb7 12. Bc2 Re8 13. Nf1 Bf8 14. Ng3 g6 15.
a4 Bg7 16. axb5 axb5 17. Rxa8 Qxa8 18. d5 Bf8 19. Qe2 c6 20. dxc6 Bxc6 21. Bg5
h6 22. Bxf6 Nxf6 23. Bb3 Qb7 24. Nh2 h5 25. Nf3 Bh6 26. Qd3 Qe7 27. Bd5 Bxd5
28. exd5 Qb7 29. Rd1 e4 30. Qd4 Bg7 31. Ne1 Re5 32. Qb4 Qb6 33. Qd4 Qxd4 34.
Rxd4 h4 35. Ne2 Nxd5 36. Nc2 Bh6 37. Na3 e3 38. f3 g5 39. Kf1 Nc7 40. Rxd6 Bf8
41. Rd3 Bxa3 42. bxa3 f5 43. Rd8+ Kf7 44. Rd7+ Re7 45. Rxe7+ Kxe7 46. f4 g4 47.
Nd4 Kf6 48. Ke2 g3 49. Kxe3 Nd5+ 1/2-1/2

[Event "España ch-2015 sub-16"]
[Site "Salobreña ESP"]
[Date "2015.07.22"]
[Round "5.35"]
[White "Redondo Benavente, Ana"]
[Black "Guerrero Mendez, Luis"]
[Result "1/2-1/2"]
[WhiteElo "1920"]
[BlackElo "1732"]
[PlyCount "170"]
[EventDate "2015.07.20"]
[EventType "swiss"]
[EventRounds "9"]
[EventCountry "ESP"]
[Source "lmi"]
[SourceDate "2015.07.20"]

1. e4 e6 2. d4 d5 3. Nd2 dxe4 4. Nxe4 Nd7 5. Nf3 Ngf6 6. Bd3 b6 7. Qe2 Bb7 8.
Ng3 Be7 9. O-O O-O 10. b3 Re8 11. c4 c5 12. Bb2 Qc7 13. Rfd1 cxd4 14. Nxd4 Bc5
15. Nc2 Qc6 16. Ne1 Rad8 17. a3 Bf8 18. f3 g6 19. Nc2 Qc7 20. b4 Bd6 21. Nf1
Nh5 22. Nce3 f5 23. Rac1 Nf4 24. Qc2 Be5 25. Qb3 Bxb2 26. Qxb2 Ne5 27. Bb1 Nfd3
28. Qb3 Nxc1 29. Rxc1 f4 30. Nd1 Ba6 31. Nb2 Kf7 32. Qa4 Bb7 33. c5 Bd5 34. b5
bxc5 35. Qxf4+ Kg7 36. Nd3 Nxf3+ 37. gxf3 Qxf4 38. Nxf4 Bxf3 39. Ba2 Bg4 40.
Rxc5 Rf8 41. Nxe6+ Bxe6 42. Bxe6 Rd1 43. Rc7+ Kh6 44. Bh3 Rf3 45. Bg2 Rxa3 46.
h3 Rb1 47. Rb7 Ra2 48. Bd5 Ra5 49. Bc6 Raa1 50. Rf7 a6 51. bxa6 Rxa6 52. Bd5
Rbb6 53. Rb7 Rxb7 54. Bxb7 Ra2 55. Bd5 Rb2 56. Bg8 Kg7 57. Bd5 Kf6 58. Ng3 Ke5
59. Bg8 h6 60. Bf7 Kf4 61. Nf1 Kf3 62. Bd5+ Kf4 63. Bf7 Kg5 64. Be8 Re2 65. Bb5
Re5 66. Bd7 Kf4 67. Kg2 Re2+ 68. Kg1 h5 69. Bb5 Re5 70. Ba6 g5 71. Kf2 Ra5 72.
Bc4 Ra3 73. Kg2 Rc3 74. Bf7 Rc2+ 75. Kg1 g4 76. Bxh5 gxh3 77. Bf7 Rc1 78. Kf2
h2 79. Nxh2 Rc2+ 80. Kg1 Kg3 81. Nf1+ Kf3 82. Bh5+ Kf4 83. Bg6 Rc1 84. Bf7
Rxf1+ 85. Kxf1 Ke5 1/2-1/2

[Event "España ch-2015 sub-16"]
[Site "Salobreña ESP"]
[Date "2015.07.22"]
[Round "5.36"]
[White "Garcia Martinez de la Hidalga, Alber"]
[Black "Munoz Avila, Jose Luis"]
[Result "1/2-1/2"]
[WhiteElo "1732"]
[BlackElo "1908"]
[PlyCount "62"]
[EventDate "2015.07.20"]
[EventType "swiss"]
[EventRounds "9"]
[EventCountry "ESP"]
[Source "lmi"]
[SourceDate "2015.07.20"]

1. d4 Nf6 2. c4 e6 3. g3 a6 4. Bg2 Be7 5. Nf3 O-O 6. O-O b5 7. Ne5 d5 8. c5 c6
9. Nd2 Ne8 10. Ndf3 f6 11. Nd3 Rf7 12. Bh3 Bf8 13. Bd2 g6 14. Nf4 Re7 15. Bc3
Bg7 16. Nd3 a5 17. b4 axb4 18. Nxb4 e5 19. Bxc8 Qxc8 20. a4 e4 21. Ne1 bxa4 22.
Rxa4 Rea7 23. Rxa7 Rxa7 24. Qb3 f5 25. Nec2 Nf6 26. Bd2 h6 27. Bf4 Nbd7 28. Rb1
Qa8 29. Bd6 Kf7 30. Bf4 g5 31. Bd6 Qd8 1/2-1/2

[Event "España ch-2015 sub-16"]
[Site "Salobreña ESP"]
[Date "2015.07.22"]
[Round "5.37"]
[White "Toval Lopez, Alberto"]
[Black "Martinez Bernardo, Aitor"]
[Result "1-0"]
[WhiteElo "1904"]
[BlackElo "1716"]
[PlyCount "47"]
[EventDate "2015.07.20"]
[EventType "swiss"]
[EventRounds "9"]
[EventCountry "ESP"]
[Source "lmi"]
[SourceDate "2015.07.20"]

1. e4 e5 2. Nf3 d6 3. d4 exd4 4. Nxd4 Nf6 5. Nc3 Be7 6. Qf3 O-O 7. Nf5 Re8 8.
Nxe7+ Qxe7 9. Bg5 Nbd7 10. O-O-O c6 11. Bd3 b5 12. Kb1 b4 13. Ne2 h6 14. h4
hxg5 15. hxg5 Nh7 16. Rxh7 Qxg5 17. Rdh1 Kf8 18. Nd4 Ne5 19. Nxc6 Nxc6 20. e5
Bd7 21. exd6 f6 22. Bc4 Be6 23. Qxc6 Qf5 24. Qd7 1-0

[Event "España ch-2015 sub-16"]
[Site "Salobreña ESP"]
[Date "2015.07.22"]
[Round "5.38"]
[White "Ereza Vizcarra, Fernando"]
[Black "Jimenez Ramallo, Francisco J"]
[Result "1-0"]
[WhiteElo "1717"]
[BlackElo "1894"]
[PlyCount "65"]
[EventDate "2015.07.20"]
[EventType "swiss"]
[EventRounds "9"]
[EventCountry "ESP"]
[Source "lmi"]
[SourceDate "2015.07.20"]

1. d4 e6 2. Nf3 Nf6 3. Bf4 c5 4. e3 Qb6 5. Qc1 Nc6 6. c3 Nh5 7. Bg3 Nxg3 8.
hxg3 d5 9. Bd3 g6 10. Ne5 Bg7 11. f4 Bxe5 12. fxe5 Bd7 13. Nd2 Rc8 14. Nf3 cxd4
15. exd4 Nb4 16. Bb1 Nc6 17. Qd2 Na5 18. Bd3 Bb5 19. Rb1 Bxd3 20. Qxd3 Nc4 21.
O-O O-O 22. b3 Na3 23. Rbc1 Rc7 24. Qe3 Kg7 25. Nh2 h5 26. g4 Rh8 27. Qg5 Rd7
28. Qf4 Qd8 29. Nf3 hxg4 30. Ng5 Qe7 31. Qxg4 Qd8 32. Rxf7+ Kg8 33. Qxe6 1-0

[Event "España ch-2015 sub-16"]
[Site "Salobreña ESP"]
[Date "2015.07.22"]
[Round "5.39"]
[White "Perez Beltran, Salvador"]
[Black "Perez Ordonez, Jose Ramon"]
[Result "0-1"]
[WhiteElo "1699"]
[BlackElo "1870"]
[PlyCount "93"]
[EventDate "2015.07.20"]
[EventType "swiss"]
[EventRounds "9"]
[EventCountry "ESP"]
[Source "lmi"]
[SourceDate "2015.07.20"]

1. d4 Nf6 2. Nf3 e6 3. c4 b6 4. a3 Bb7 5. Nc3 Ne4 6. Nxe4 Bxe4 7. e3 d6 8. Bd3
Bb7 9. O-O Nd7 10. b4 Be7 11. Rb1 c5 12. Bb2 O-O 13. Bc3 f5 14. Qe2 Nf6 15. Nd2
Qc7 16. f3 Rae8 17. Nb3 Nd7 18. e4 f4 19. e5 dxe5 20. dxe5 Rf7 21. Qc2 g6 22.
Rfe1 Bf8 23. Be4 Ba6 24. b5 Bb7 25. Nd2 Bxe4 26. Nxe4 Rf5 27. Rbd1 Kf7 28. Qd3
Nxe5 29. Bxe5 Rxe5 30. Qd7+ Qxd7 31. Rxd7+ Re7 32. Nd6+ Kf6 33. Rd8 Rxe1+ 34.
Kf2 Ra1 35. Rxf8+ Ke5 36. Nf7+ Kd4 37. Rd8+ Kxc4 38. Nd6+ Kb3 39. Nc8 Rc7 40.
Nd6 c4 41. Ne4 c3 42. Rd3 Kb2 43. Ke2 c2 44. Rd2 Rg1 45. Kf2 Rd1 46. Re2 Kxa3
47. Nd6 0-1

[Event "España ch-2015 sub-16"]
[Site "Salobreña ESP"]
[Date "2015.07.22"]
[Round "5.40"]
[White "Panades Catarineu, Oriol"]
[Black "Rodriguez Sanz, Gabriel"]
[Result "1/2-1/2"]
[WhiteElo "1860"]
[BlackElo "1654"]
[PlyCount "107"]
[EventDate "2015.07.20"]
[EventType "swiss"]
[EventRounds "9"]
[EventCountry "ESP"]
[Source "lmi"]
[SourceDate "2015.07.20"]

1. e4 c5 2. b3 e6 3. Bb2 d6 4. Bb5+ Bd7 5. Bxd7+ Nxd7 6. f4 Ngf6 7. Qe2 Be7 8.
Nf3 O-O 9. O-O Qc7 10. c4 e5 11. f5 a6 12. Nc3 Nb8 13. h3 Nc6 14. g4 Nd4 15.
Qg2 h6 16. h4 Nh7 17. Nd5 Nxf3+ 18. Rxf3 Qd8 19. Nxe7+ Qxe7 20. Rh3 b5 21. d3
a5 22. Rf1 a4 23. Bc1 axb3 24. axb3 f6 25. Rg3 bxc4 26. bxc4 Ra1 27. g5 fxg5
28. hxg5 Nxg5 29. Bxg5 Rxf1+ 30. Qxf1 hxg5 31. Qc1 Rf7 32. Qxg5 Qxg5 33. Rxg5
Rf6 34. Kf2 Rh6 35. Kf3 Kf7 36. Rg3 Kf6 37. Ke3 g6 38. fxg6 Rxg6 39. Rh3 Ke6
40. Rh7 Rf6 41. Kd2 Rf7 42. Rh1 Kd7 43. Ra1 Ke6 44. Kc3 Rb7 45. Rh1 Kd7 46. Kd2
Kc6 47. Ke3 Rf7 48. Rh3 Kd7 49. Rh6 Kc7 50. Rh5 Kd7 51. Rf5 Ke6 52. Rxf7 Kxf7
53. Kf3 Kf6 54. Kg4 1/2-1/2

[Event "España ch-2015 sub-16"]
[Site "Salobreña ESP"]
[Date "2015.07.23"]
[Round "6.1"]
[White "Plazuelo Pascual, Juan"]
[Black "Palenciano Escolar, Adrian"]
[Result "1-0"]
[WhiteElo "2335"]
[BlackElo "2108"]
[PlyCount "75"]
[EventDate "2015.07.20"]
[EventType "swiss"]
[EventRounds "9"]
[EventCountry "ESP"]
[Source "lmi"]
[SourceDate "2015.07.20"]

1. d4 Nf6 2. c4 g6 3. Nf3 Bg7 4. g3 O-O 5. Bg2 d6 6. O-O Nbd7 7. Nc3 e5 8. e4
exd4 9. Nxd4 Re8 10. h3 a6 11. Be3 Rb8 12. b3 c5 13. Nde2 b5 14. Qxd6 Rb6 15.
Qd3 b4 16. Na4 Rbe6 17. Nf4 Rxe4 18. Bxe4 Nxe4 19. Rad1 Qf6 20. h4 Qf5 21. f3
Nxg3 22. Qxf5 Nxf5 23. Bf2 Nd4 24. Kg2 Bb7 25. Bxd4 cxd4 26. Rfe1 Ne5 27. Nd5
Bxd5 28. cxd5 Rd8 29. Re4 Nd7 30. Kf2 Rc8 31. Ke2 Bf6 32. Kd2 Ne5 33. Rf1 d3
34. Ke3 Rc2 35. Rf2 Rc1 36. Nb2 Re1+ 37. Kf4 Bxh4 38. Rxe1 1-0

[Event "España ch-2015 sub-16"]
[Site "Salobreña ESP"]
[Date "2015.07.23"]
[Round "6.2"]
[White "Domingo Nunez, Ruben"]
[Black "Roldan Marques, Daniel"]
[Result "1-0"]
[WhiteElo "2205"]
[BlackElo "2145"]
[PlyCount "53"]
[EventDate "2015.07.20"]
[EventType "swiss"]
[EventRounds "9"]
[EventCountry "ESP"]
[Source "lmi"]
[SourceDate "2015.07.20"]

1. e4 e6 2. d3 d5 3. Nd2 Nf6 4. Ngf3 b6 5. e5 Nfd7 6. g3 Bb7 7. Bg2 c5 8. O-O
Nc6 9. Re1 Qc7 10. Qe2 Be7 11. h4 h5 12. c3 Ba6 13. a3 g6 14. c4 dxc4 15. dxc4
O-O 16. Ne4 Bb7 17. Bf4 Rfd8 18. g4 hxg4 19. Nh2 Nd4 20. Qxg4 Nc2 21. h5 Nf8
22. Nf6+ Bxf6 23. exf6 Qc8 24. Qg5 Nh7 25. Qh6 Nxf6 26. hxg6 Bxg2 27. Bg5 1-0

[Event "España ch-2015 sub-16"]
[Site "Salobreña ESP"]
[Date "2015.07.23"]
[Round "6.3"]
[White "Escudero Manzano, Sergio"]
[Black "Portela Peleteiro, Alberto"]
[Result "1/2-1/2"]
[WhiteElo "2153"]
[BlackElo "2105"]
[PlyCount "71"]
[EventDate "2015.07.20"]
[EventType "swiss"]
[EventRounds "9"]
[EventCountry "ESP"]
[Source "lmi"]
[SourceDate "2015.07.20"]

1. e4 d6 2. d4 Nf6 3. Nc3 Nbd7 4. Bc4 e5 5. Nf3 Be7 6. h3 O-O 7. Be3 c6 8. a4
Nxe4 9. Nxe4 d5 10. Nxe5 Nxe5 11. dxe5 dxc4 12. O-O Qa5 13. Nd6 Qxe5 14. Nxc4
Qe4 15. Nd6 Bxd6 16. Qxd6 Qxc2 17. Rfe1 Be6 18. Bd4 Rad8 19. Qe5 Qg6 20. Ra3
Rd5 21. Qf4 Rg5 22. Rg3 Rxg3 23. fxg3 b6 24. Kh2 h6 25. Qc7 Bd5 26. Re2 Qd3 27.
Qe5 f6 28. Qe3 Qxe3 29. Rxe3 Kf7 30. b4 Rc8 31. a5 c5 32. bxc5 bxc5 33. Rc3 a6
34. Rxc5 Rd8 35. Rc7+ Kg6 36. Bb6 1/2-1/2

[Event "España ch-2015 sub-16"]
[Site "Salobreña ESP"]
[Date "2015.07.23"]
[Round "6.4"]
[White "Orantes Taboada, Francisco"]
[Black "Lopez Mulet, Iñigo"]
[Result "0-1"]
[WhiteElo "2135"]
[BlackElo "2345"]
[PlyCount "40"]
[EventDate "2015.07.20"]
[EventType "swiss"]
[EventRounds "9"]
[EventCountry "ESP"]
[Source "lmi"]
[SourceDate "2015.07.20"]

1. e4 e6 2. d4 d5 3. Nc3 Nf6 4. e5 Nfd7 5. f4 c5 6. Nf3 Nc6 7. Be3 Be7 8. Qd2
O-O 9. g4 f6 10. exf6 Nxf6 11. h3 Ne4 12. Nxe4 dxe4 13. Ne5 Bh4+ 14. Kd1 cxd4
15. Nxc6 bxc6 16. Qxd4 Qxd4+ 17. Bxd4 Rd8 18. c3 c5 19. Ke2 cxd4 20. Bg2 Ba6+
0-1

[Event "España ch-2015 sub-16"]
[Site "Salobreña ESP"]
[Date "2015.07.23"]
[Round "6.5"]
[White "Buiza Prieto, Eihartze"]
[Black "Santos Ruiz, Miguel"]
[Result "0-1"]
[WhiteElo "2095"]
[BlackElo "2329"]
[PlyCount "28"]
[EventDate "2015.07.20"]
[EventType "swiss"]
[EventRounds "9"]
[EventCountry "ESP"]
[Source "lmi"]
[SourceDate "2015.07.20"]

1. e4 c5 2. Nc3 Nc6 3. g3 g6 4. Bg2 Bg7 5. d3 d6 6. Be3 Nf6 7. h3 e5 8. Qd2 O-O
9. Nge2 Nd4 10. Nd1 d5 11. c3 Nxe2 12. Bxc5 Nxg3 13. Bxf8 Nxh1 14. Bxh1 Kxf8
0-1

[Event "España ch-2015 sub-16"]
[Site "Salobreña ESP"]
[Date "2015.07.23"]
[Round "6.6"]
[White "Domingo Nunez, Alejandro"]
[Black "Esquivias Quintero, Luis Manuel"]
[Result "1-0"]
[WhiteElo "2197"]
[BlackElo "2134"]
[PlyCount "67"]
[EventDate "2015.07.20"]
[EventType "swiss"]
[EventRounds "9"]
[EventCountry "ESP"]
[Source "lmi"]
[SourceDate "2015.07.20"]

1. e4 Nf6 2. e5 Nd5 3. d4 d6 4. Nf3 dxe5 5. Nxe5 g6 6. Bc4 c6 7. O-O Bg7 8. Nd2
O-O 9. Ndf3 Bf5 10. c3 Nd7 11. Re1 N7b6 12. Bb3 a5 13. a4 Qc7 14. Nd3 Bxd3 15.
Qxd3 Rad8 16. Qe4 e6 17. Bg5 Rc8 18. Qh4 c5 19. c4 Nb4 20. Rad1 Rfe8 21. Bf4
Qe7 22. Qxe7 Rxe7 23. Bd6 Rd7 24. Bxc5 Rc6 25. Ne5 Bxe5 26. Rxe5 f6 27. Re3 Kg7
28. Bxb6 Rxb6 29. c5 Rc6 30. Bxe6 Re7 31. Bc4 Rxe3 32. fxe3 b6 33. Bb5 Re6 34.
c6 1-0

[Event "España ch-2015 sub-16"]
[Site "Salobreña ESP"]
[Date "2015.07.23"]
[Round "6.7"]
[White "Nieves Cabanes, Jose Manuel"]
[Black "Centron Antuna, Daniel"]
[Result "1/2-1/2"]
[WhiteElo "2180"]
[BlackElo "2113"]
[PlyCount "63"]
[EventDate "2015.07.20"]
[EventType "swiss"]
[EventRounds "9"]
[EventCountry "ESP"]
[Source "lmi"]
[SourceDate "2015.07.20"]

1. d4 d6 2. c4 e5 3. Nc3 exd4 4. Qxd4 Nc6 5. Qd2 Nf6 6. g3 Be6 7. b3 d5 8. cxd5
Nxd5 9. Bb2 Bb4 10. a3 Nxc3 11. axb4 Qxd2+ 12. Kxd2 Ne4+ 13. Ke3 Nxb4 14. Bg2
Nd6 15. Rc1 O-O-O 16. Bh3 Rhe8 17. Kf3 f6 18. Bxe6+ Rxe6 19. Nh3 g5 20. Rhd1
Nc6 21. e3 Nf7 22. Kg4 Nh6+ 23. Kh5 Nf5 24. Rxd8+ Kxd8 25. Rc5 Nce7 26. e4 Nd6
27. e5 fxe5 28. Nxg5 Rg6 29. Rxe5 Nc6 30. Re6 Ne7 31. Bf6 Ndf5 32. Bxe7+
1/2-1/2